000 00585nam a2200181Ia 4500
008 090201s9999 xx 000 0 und d
010 _aKPL-69225
040 _bमराठी
041 _aमराठी
082 _a47767
_b69225
100 _a ठाकूर दिलीप
245 _aओन्ली रेखा (रामबाग)
_c ठाकूर दिलीप
250 _a1
260 _c2005
_bसंवेदना प्रकाशन
300 _a164
_bलहान
600 _aओन्ली रेखा (रामबाग)
942 _cBOOK
999 _c244461
_d244461